Statistics for Topological Map of Australia Quiz

Click here to take the quiz!

General Stats

  • This quiz has been taken 169 times
  • The average score is 7 of 8

Answers on the Map

Answers color-coded by a green-red scale on the quiz's map according to % correct below.
 

Answer Stats

Answer% Correct
Australian Capital Territory
97%
Tasmania
94%
Northern Territory
90%
Western Australia
87%
Queensland
86%
New South Wales
85%
South Australia
85%
Victoria
79%

Score Distribution

Percentile by Number Answered

Percent of People with Each Score

Your Score History

You have not taken this quiz